Probability and its applications / (Record no. 127411)

MARC details
000 -LEADER
fixed length control field 00872nam a22002657a 4500
003 - CONTROL NUMBER IDENTIFIER
control field dpl
005 - DATE AND TIME OF LATEST TRANSACTION
control field 20180607123747.0
008 - FIXED-LENGTH DATA ELEMENTS--GENERAL INFORMATION
fixed length control field 180607b xxu||||| |||| 00| 0 eng d
010 ## - LIBRARY OF CONGRESS CONTROL NUMBER
LC control number A-896718
020 ## - INTERNATIONAL STANDARD BOOK NUMBER
Terms of availability 00.00
International Standard Book Number 0195639413
035 ## - SYSTEM CONTROL NUMBER
System control number A-896718, A-896720
037 ## - SOURCE OF ACQUISITION
Source of stock number/acquisition Cen Lib/Ret
040 ## - CATALOGING SOURCE
Original cataloging agency DPL
Language of cataloging EN
Transcribing agency 0
082 ## - DEWEY DECIMAL CLASSIFICATION NUMBER
Classification number 519.2
Item number PRO
245 ## - TITLE STATEMENT
Title Probability and its applications /
Statement of responsibility, etc edited by M. C. Bhattacharjee [and] S. K. Basu
260 ## - PUBLICATION, DISTRIBUTION, ETC. (IMPRINT)
Place of publication, distribution, etc New Delhi
Name of publisher, distributor, etc Oxford University Press
Date of publication, distribution, etc 1997
270 ## - ADDRESS
City New Delhi
Address YMCA Library Building, Jai Singh Road
Postal code 110001
300 ## - PHYSICAL DESCRIPTION
Extent 178p.
Dimensions 20cm(Hb)
500 ## - GENERAL NOTE
General note Includes bibliographical references <br/>
650 ## - SUBJECT ADDED ENTRY--TOPICAL TERM
Topical term or geographic name as entry element Probabilities -- Congresses
9 (RLIN) 20418
650 ## - SUBJECT ADDED ENTRY--TOPICAL TERM
Topical term or geographic name as entry element Probabilities
9 (RLIN) 20419
700 ## - ADDED ENTRY--PERSONAL NAME
Personal name Bhattacharjee, M. C.
9 (RLIN) 20420
700 ## - ADDED ENTRY--PERSONAL NAME
Personal name Basu, S. K.
9 (RLIN) 20421
942 ## - ADDED ENTRY ELEMENTS (KOHA)
Source of classification or shelving scheme Dewey Decimal Classification
Koha item type English Books
Classification part 519.2
Call number suffix PRO
Holdings
Withdrawn status Lost status Damaged status Not for loan Home library Current library Date acquired Source of acquisition Cost, normal purchase price Total Checkouts Total Renewals Full call number Barcode Date last seen Date checked out Copy number Cost, replacement price Price effective from Koha item type Source of classification or shelving scheme Collection code
        Central Library Central Library 29/06/2015 Cen Lib/Ret 0.00 2 1 519.2 PRO A-896718 29/07/2018 05/07/2018 1 0.00 29/06/2015 English Books    
        Shahdara Branch Shahdara Branch 07/06/2018 BPPD/PUB 0.00     519.2 PRO A-896720 07/06/2018     0.00 07/06/2018 English Books Dewey Decimal Classification Non-fiction

© Delhi Public Library
Hit Counter
free hit counter